Slovník medzinárodných vzťahov

Enregistré dans:
Détails bibliographiques
Auteur principal: Hänisch, Werner
Format: Livre
Langue:slovaque
Publié: Bratislava Pravda 1986
Tags: Ajouter un tag
Pas de tags, Soyez le premier à ajouter un tag!

MARC

LEADER 00000nam a2200000 4500
001 c103458
005 20250522123200.2
041 0 |a slo 
044 |a SK 
245 1 0 |a Slovník medzinárodných vzťahov  |c Werner Hänisch 
264 1 |a Bratislava  |b Pravda  |c 1986 
300 |a 575 s. 
100 1 |a Hänisch, Werner